00909cam a2200325 a 450000100060000000300090000600500170001500700060003200800340003801000170007202000150008904000220010404200060012605000090013208200090014110000280015024500740017825000060025226000360025830000310029452000060032565000220033165000240035385600090037794200120038694500270039895201050042595600380053099900150056819322DO-SdBNP20180403104630.019322860221s1986 xxu a 000 1 eng  a 86004639  a0590460609 aBPMSUcspadBPMSU a 00a b 00a 2 1 aTomie, Paola de,d1934-10aMerry Christmas, Strega Nona /cstory and pictures by Tomie de Paola. a  aNew York : bScholastic,c1986. a[32 p.] :b il. ;c29 cm. a  1aWitchesvFiction. 1aChristmasvFiction.423 u  2ddccBK aInventariado, 2018/ YL 00102ddc40708CI-GaBPMETbBPMETd2016-04-18eFUNDIl0pBPMSU16040502r2016-04-18w2016-04-18yBK 6201604188BPMSUaVMATEOb10d0069 c9808d9808